000 00851pam a2200265 a 4500
001 3086835
005 20180310024605.0
008 980611s1999 nyu dw 001 0 eng
010 _a 98008747
020 _a0195118839 (acidfree paper)
040 _aDLC
_cDLC
_dDLC
041 _aeng
043 _an-us---
080 _a348.7348
082 0 0 _a348.7348 HAL
_221
100 _a14
101 _aSHJ
245 0 4 _aThe Oxford guide to United States Supreme Court decisions /
_cedited by Kermit L. Hall.
246 3 0 _aUnited States Supreme Court decisions
530 _aAvailable also online via the Internet.
906 _a7
_bcbc
_corignew
_d1
_eocip
_f19
_gy-gencatlg
942 _2ddc
_cBK
999 _c44648
_d44648